banner-ar

رحلة سمو الامير محمد على باشا فى جنوب افريقيا : (Record no. 60396)

MARC details
000 -الفاتح
حقل البيانات ثابتة الطول 01012nam a22002297a 4500
005 - وقت وتاريخ اخر تعامل مع التسجيلة
رقم الضبط 20240530110408.0
008 - عناصر البيانات ثابتة الطول - معلومات عامة
حقل البيانات ثابتة الطول 150207s2011 ua f b 000 0 ara d
017 ## - رقم الايداع القانونى
رقم الايداع القانونى 2011/10175
المصدر ( الهيئة المختصة) مصر . دار الكتب المصرية
020 ## - الرقم الدولى المعيارى للكتب
الرقم الدولى المعيارى للكتاب 9789771808299
040 ## - مصدر الفهرسة
وكالة الفهرسة الأصلية EG-CaGPL
041 0# - رمز اللغة
رمز لغة النص/ المسارات الصوتية أو العنوان الانفرادي ara
082 04 - رقم تصنيف ديوى العشرى
رقم الطبعة 21
رقم التصنيف 916.2031
رقم المادة ق/أ ر
100 0# - المدخل الرئيسى - إسم شخصى
الإسم الشخصى احمد مختار افندى
245 10 - بيان العنوان
العنوان رحلة سمو الامير محمد على باشا فى جنوب افريقيا :
بقية العنوان 1345 هـ - 1924 م /
بيان المسئوليه,etc بقلم احمد مختار افندى ؛ اشراف و تقديم السيد فليفل ؛ دراسة و تحقيق احمد ابراهيد هلالى
260 ## - PUBLICATION, DISTRIBUTION, ETC. (IMPRINT)
تاريخ النشر أو التوزيع 2011
300 ## - الوصف المادى
التعداد 265 ص ؛
أبعاد الوعاء 24 سم
504 ## - تبصرة ببليوجرافية
تبصرة ببليوجرافية,الخ ببليوجرافية : ص 234 - 265
600 0# - المدخل الاضافى بالموضوع-اسم شخصى
الإسم الشخصى محمد على باشا
651 04 - المدخل الاضافى بالموضوع - اسم جغرافى
الاسم الجغرافي جنوب افريقيا
التقسيم الفرعي العام وصف و رحلات
942 ## - عناصر المدخل الإضافي( كوها)
مصدر التصنيف او مخطط الترفيف Dewey Decimal Classification
Koha [default] item type كتاب
260 ## - PUBLICATION, DISTRIBUTION, ETC. (IMPRINT)
-- القاهرة :
-- دار الكتب و الوثائق القومية ،
Holdings
حالة التراجع حالة الفقد حالة تلف ليس للاعارة المكان المؤقت الموقع الحالى تاريخ الاكتساب اجمالي اﻻعارات رقم الطلب الباركود تاريخ اخر مشاهدة تاريخ تفعيل السعر نوع وعاء كوها
        مكتبة القاهرة الكبرى مكتبة القاهرة الكبرى 02/07/2015   916.2031 ق/أ ر 159434 02/07/2015 02/07/2015 كتاب

Powered By

EGPV